00579nam a22001697a 4500008004100000020001900041040005500060080001900115100001800134245009700152260005000249300001600299500002800315650002000343653002400363653002200387230309b |||||||| |||| 00| 0 eng d a0-07-006412-1  aNational Science LibrarycNational Science Library aD 025.3bL0.2  aBoll, John J  aIntroduction to cataloging: bWith emphasis on the cataloging process and on personal names  aNew York: bMcgraw-Hill Book Company, c1973  axii, 423p.  aVol. II: entry headings aEntry headings  aCataloging process  aCataloging rules